Nammude nadan pattukalum nadan kalakalum (Record no. 343081)
[ view plain ]
| 000 -LEADER | |
|---|---|
| fixed length control field | 00234nam a22000977a 4500 |
| 003 - CONTROL NUMBER IDENTIFIER | |
| control field | OSt |
| 008 - FIXED-LENGTH DATA ELEMENTS--GENERAL INFORMATION | |
| fixed length control field | 191022b ||||| |||| 00| 0 eng d |
| 100 ## - MAIN ENTRY--PERSONAL NAME | |
| Personal name | Premnath. |
| 9 (RLIN) | 4369 |
| 245 ## - TITLE STATEMENT | |
| Title | Nammude nadan pattukalum nadan kalakalum |
| 942 ## - ADDED ENTRY ELEMENTS (KOHA) | |
| Koha item type | Books (General) |
| Withdrawn status | Lost status | Damaged status | Not for loan | Home library | Current library | Date acquired | Cost, normal purchase price | Total Checkouts | Barcode | Date last seen | Price effective from | Koha item type |
|---|---|---|---|---|---|---|---|---|---|---|---|---|
| Written off | Damaged | Kelappaji College of Agricultural Engineering & Technology Library, Tavanur | Kelappaji College of Agricultural Engineering & Technology Library, Tavanur | 22/10/2019 | 1.00 | KAU_KCAEFT-459 | 22/10/2019 | 03/09/2025 | Books (General) |
